<?xml version="1.0" encoding="UTF-8"?>
<marc:record xmlns:marc="http://www.loc.gov/MARC21/slim">
   <marc:leader>00000nam a2200000 a 4500</marc:leader>
   <marc:datafield ind1="1" ind2=" " tag="100">
      <marc:subfield code="a">Friedl, Reinhard</marc:subfield>
      <marc:subfield code="4">aut</marc:subfield>
      <marc:subfield code="e">Verfasser/-in</marc:subfield>
   </marc:datafield>
   <marc:datafield ind1=" " ind2=" " tag="653">
      <marc:subfield code="a">Bilderbuch</marc:subfield>
   </marc:datafield>
   <marc:datafield ind1=" " ind2=" " tag="653">
      <marc:subfield code="a">Mädchen</marc:subfield>
   </marc:datafield>
   <marc:datafield ind1=" " ind2=" " tag="653">
      <marc:subfield code="a">Erzählerische Bilderbücher</marc:subfield>
   </marc:datafield>
   <marc:datafield ind1=" " ind2=" " tag="653">
      <marc:subfield code="a">Glück</marc:subfield>
   </marc:datafield>
   <marc:datafield ind1=" " ind2=" " tag="653">
      <marc:subfield code="a">Gefühl</marc:subfield>
   </marc:datafield>
   <marc:datafield ind1=" " ind2=" " tag="653">
      <marc:subfield code="a">Aufmerksamkeit</marc:subfield>
   </marc:datafield>
   <marc:datafield ind1=" " ind2=" " tag="653">
      <marc:subfield code="a">Herz</marc:subfield>
   </marc:datafield>
   <marc:datafield ind1="0" ind2="0" tag="245">
      <marc:subfield code="a">In deinem Herzen wohnt das Glück</marc:subfield>
   </marc:datafield>
   <marc:datafield ind1=" " ind2="1" tag="264">
      <marc:subfield code="b">cbj</marc:subfield>
      <marc:subfield code="c">2021</marc:subfield>
   </marc:datafield>
   <marc:datafield ind1="1" ind2=" " tag="520">
      <marc:subfield code="a">Wie fühlt es sich an, glücklich zu sein? Wie, wenn du traurig bist? All deine Gefühle sind im Herzen zuhause. Denn das Herz ist weit mehr als ein Muskel, in dessen Inneren sich geheimnisvolle Höhlen und Klappen befinden. Es ist der Ort, an dem die Gefühle wahr werden. Manchmal ist es ganz still und manchmal pocht es bis zum Hals. Es ist wie ein guter Freund, der immer bei dir ist und den du um Rat fragen kannst. Und wenn du deine Hand an deine linke Brust legst, kannst du es fühlen: dein Herz.
Reinhard Friedl ist Herzchirurg und hat viele tausend Herzen operiert. Er erklärt, warum das Glück im Herzen wohnt und weshalb man nicht früh genug damit anfangen kann, auf sein Herz zu hören. Denn wenn wir lernen, auf unser Herz zu hören, kann uns das Kraft und Stärke fürs Leben geben. </marc:subfield>
   </marc:datafield>
   <marc:datafield ind1=" " ind2=" " tag="020">
      <marc:subfield code="a">9783570178249</marc:subfield>
      <marc:subfield code="9">9783570178249</marc:subfield>
   </marc:datafield>
</marc:record>
